| 000 | 01026nam a22002777a 4500 | ||
|---|---|---|---|
| 999 |
_c21456 _d21456 |
||
| 003 | AR-CdUCM | ||
| 008 | 190220b ||||| |||| 00| 0 spa d | ||
| 020 | _a9789972515408 | ||
| 040 |
_aMUNICIPALIDAD PROVINCIAL DEL CUSCO _cBIBLIOTECA MUNICIPAL DEL CUSCO |
||
| 082 |
_a985.033/W19 _bW19 |
||
| 100 |
_aWalker, Charles F _91934 |
||
| 245 |
_aLa rebelión de Tupac Amaru / _cCharles Walker ; [traducción, Óscar Hidalgo]. |
||
| 260 |
_aLima : _bInstituto de Estudios Peruanos, IEP, _c2015. |
||
| 300 |
_a346 páginas. : _bilustraciones ; _c21 cm. |
||
| 440 |
_aSerie Colección Popular, _n6. _944845 |
||
| 500 | _zBibliografía: p. [327]-346. | ||
| 650 |
_aTúpac Amaru, José Gabriel, 1740-1781 _944846 |
||
| 650 |
_aRevolución de Túpac Amaru, 1780-1784 _95748 |
||
| 650 |
_aVirreinato, 1555-1808 _95428 |
||
| 650 |
_aHistoria _944847 |
||
| 650 |
_aPerú _944848 |
||
| 700 |
_aHidalgo Wuest, Óscar, traductor _944849 |
||
| 710 |
_aInstituto de Estudios Peruanos (Lima) _99759 |
||
| 942 |
_2ddc _cLIBROS |
||
| 945 | _aRoel | ||